00961 a2200205 4500003000500000005001700005020001500022040000900037082001700046100002500063245010600088260003400194300001400228505028900242650003400531651003300565942001200598999001900610952012600629Nust20221212111200.0 a0130795429 cNust a621.3822,ALK aAlkin, Oktay9104629 aDigital signal processing : ba laboratory approach using PC-DSP (Include Floppy Disk) /cOktay Alkin aNew YorkbPrentice-Hallc1994 ax, 213 p. a Introduction (Page-1), Discrete Time Signals (Page-10), Discrete Time Systems (Page-31), Frequency Domain Analysis (Page-57), Sampling and Reconstruction (Page-82), The z- Transform and Discrete Time Structure (Page-101), IIR Filter Design (Page-113), FIR Filter Design (Page-132).  aTelecommunication Engineering a(Include Floppy Disk)993875 2ddccBK c188638d188638 00102ddc4070aMCSbMCScGENd2016-12-12o621.3822,ALKpMCS24996r2016-12-08w2016-12-12yBKzAlmirah No.36, Shelf No.2